[Event "EUYCC 2025 - U08"]
[Site "?"]
[Date "2025.08.21"]
[Round "3.3"]
[White "Alkim, Albert"]
[Black "Brentegani, Romeo"]
[Result "1/2-1/2"]
[BlackElo "1598"]
[WhiteElo "1543"]
[LiveChessVersion "1.4.8"]

1. e4 {[%clk 1:30:54]} e5 {[%clk 1:30:38]} 2. Nf3 {[%clk 1:31:15]} Nc6
{[%clk 1:30:26]} 3. Bc4 {[%clk 1:31:20]} Nf6 {[%clk 1:29:54]} 4. d3
{[%clk 1:31:39]} Be7 {[%clk 1:30:02]} 5. c3 {[%clk 1:30:26]} O-O {[%clk 1:28:41]}
6. O-O {[%clk 1:30:13]} h6 {[%clk 1:27:33]} 7. Nbd2 {[%clk 1:30:16]} d6
{[%clk 1:22:35]} 8. Re1 {[%clk 1:30:31]} Bg4 {[%clk 1:17:24]} 9. h3
{[%clk 1:30:43]} Bh5 {[%clk 1:14:22]} 10. Nf1 {[%clk 1:30:19]} Nh7
{[%clk 1:09:37]} 11. Ne3 {[%clk 1:30:01]} Ng5 {[%clk 1:08:19]} 12. Kh2
{[%clk 1:26:58]} Nxf3+ {[%clk 1:06:06]} 13. gxf3 {[%clk 1:27:22]} Bh4
{[%clk 1:05:37]} 14. Qe2 {[%clk 1:25:26]} Na5 {[%clk 1:02:00]} 15. Bb5
{[%clk 1:25:21]} c6 {[%clk 1:01:58]} 16. Ba4 {[%clk 1:25:40]} b5 {[%clk 1:02:19]}
17. Bc2 {[%clk 1:25:55]} d5 {[%clk 1:01:09]} 18. Rg1 {[%clk 1:22:40]} d4
{[%clk 0:59:28]} 19. Nf5 {[%clk 1:22:32]} Bg6 {[%clk 0:56:54]} 20. b4
{[%clk 1:19:56]} Bxf5 {[%clk 0:56:12]} 21. exf5 {[%clk 1:20:02]} Nb7
{[%clk 0:55:46]} 22. Bxh6 {[%clk 1:19:46]} Bf6 {[%clk 0:54:08]} 23. f4
{[%clk 1:19:26]} Nd6 {[%clk 0:44:29]} 24. Rg2 {[%clk 1:17:37]} Nxf5
{[%clk 0:43:15]} 25. Qh5 {[%clk 1:12:19]} Nxh6 {[%clk 0:40:10]} 26. Qxh6
{[%clk 1:12:05]} g6 {[%clk 0:40:10]} 27. f5 {[%clk 1:12:00]} Bg7 {[%clk 0:37:44]}
28. Qd2 {[%clk 1:11:15]} dxc3 {[%clk 0:36:47]} 29. Qe2 {[%clk 1:11:29]} Qd4
{[%clk 0:36:17]} 30. Rg4 {[%clk 1:11:23]} Qb6 {[%clk 0:35:23]} 31. fxg6
{[%clk 1:10:41]} fxg6 {[%clk 0:35:40]} 32. Bb3+ {[%clk 1:10:17]} Kh7
{[%clk 0:33:34]} 33. f3 {[%clk 1:07:08]} c2 {[%clk 0:29:49]} 34. Rh4+
{[%clk 1:05:57]} Bh6 {[%clk 0:29:16]} 35. Qd2 {[%clk 1:06:13]} Rf4
{[%clk 0:29:04]} 36. Qe1 {[%clk 1:05:10]} Rxf3 {[%clk 0:28:56]} 37. Kg2
{[%clk 1:04:36]} Raf8 {[%clk 0:26:20]} 38. Rxh6+ {[%clk 0:47:11]} Kxh6
{[%clk 0:26:38]} 39. Qh4+ {[%clk 0:47:33]} Kg7 {[%clk 0:26:59]} 40. Qe7+
{[%clk 0:47:53]} R8f7 {[%clk 0:27:22]} 41. Qxe5+ {[%clk 0:47:44]} Kh7
{[%clk 0:27:20]} 42. d4 {[%clk 0:46:26]} Rf2+ {[%clk 0:27:35]} 43. Kg1
{[%clk 0:45:10]} Rf1+ {[%clk 0:27:52]} 44. Rxf1 {[%clk 0:43:35]} Rxf1+
{[%clk 0:28:13]} 45. Kg2 {[%clk 0:43:40]} c1=Q {[%clk 0:27:52]} 46. Qe7+
{[%clk 0:43:52]} Kh8 {[%clk 0:26:34]} 47. Qe8+ {[%clk 0:44:10]} Kh7
{[%clk 0:26:13]} 48. Qe7+ {[%clk 0:44:07]} Rf7 {[%clk 0:23:34]} 49. Qxf7+
{[%clk 0:44:29]} Kh6 {[%clk 0:23:58]} 50. Qf8+ {[%clk 0:44:07]} Kh5
{[%clk 0:24:10]} 51. Qh8+ {[%clk 0:44:16]} Kg5 {[%clk 0:20:49]} 52. Qe5+
{[%clk 0:44:27]} Kh6 {[%clk 0:20:57]} 53. Qh8+ {[%clk 0:44:42]} Kg5
{[%clk 0:21:16]} 54. Qe5+ {[%clk 0:45:02]} Kh6 {[%clk 0:21:28]} 55. Qh8+
{[%clk 0:45:25]} Kg5 {[%clk 0:21:47]} 56. Qe5+ {[%clk 0:45:48]} 1/2-1/2

[Event "EUYCC 2025 - U08"]
[Site "?"]
[Date "2025.08.21"]
[Round "3.4"]
[White "Szlendak, Wojciech"]
[Black "Pastor Zuccolo, Matteo"]
[Result "1/2-1/2"]
[BlackElo "1507"]
[WhiteElo "1492"]
[LiveChessVersion "1.4.8"]

1. Nf3 {[%clk 1:30:58]} Nf6 {[%clk 1:30:48]} 2. b3 {[%clk 1:31:14]} c5
{[%clk 1:30:56]} 3. Bb2 {[%clk 1:30:44]} d5 {[%clk 1:30:23]} 4. e3
{[%clk 1:27:36]} Nc6 {[%clk 1:25:14]} 5. d4 {[%clk 1:24:37]} e6 {[%clk 1:23:54]}
6. c4 {[%clk 1:13:51]} b6 {[%clk 1:12:16]} 7. Be2 {[%clk 1:03:31]} Bb7
{[%clk 1:00:00]} 8. O-O {[%clk 0:59:44]} Bd6 {[%clk 0:53:20]} 9. Nc3
{[%clk 0:54:58]} dxc4 {[%clk 0:48:37]} 10. dxc5 {[%clk 0:50:28]} Bxc5
{[%clk 0:43:15]} 11. Bxc4 {[%clk 0:46:03]} Qxd1 {[%clk 0:40:16]} 12. Rfxd1
{[%clk 0:43:51]} O-O {[%clk 0:38:05]} 13. h3 {[%clk 0:28:31]} Rfd8
{[%clk 0:36:56]} 14. Bb5 {[%clk 0:19:02]} a6 {[%clk 0:33:31]} 15. Bxc6
{[%clk 0:19:11]} Bxc6 {[%clk 0:33:50]} 16. Nd4 {[%clk 0:19:09]} Bxd4
{[%clk 0:32:51]} 17. exd4 {[%clk 0:19:23]} Nd5 {[%clk 0:31:08]} 18. Nxd5
{[%clk 0:08:55]} Rxd5 {[%clk 0:31:33]} 19. Rac1 {[%clk 0:08:43]} Rc8
{[%clk 0:31:32]} 20. Re1 {[%clk 0:07:26]} Rdd8 {[%clk 0:30:16]} 21. Re3
{[%clk 0:05:32]} Bd5 {[%clk 0:30:17]} 22. Rxc8 {[%clk 0:04:34]} Rxc8
{[%clk 0:30:42]} 23. Rc3 {[%clk 0:04:56]} Rxc3 {[%clk 0:30:50]} 24. Bxc3
{[%clk 0:05:21]} Kf8 {[%clk 0:31:10]} 25. Kf1 {[%clk 0:04:36]} Ke7
{[%clk 0:31:27]} 26. g3 {[%clk 0:05:00]} Kd6 {[%clk 0:31:05]} 27. Ke2
{[%clk 0:04:16]} Kc6 {[%clk 0:31:10]} 28. h4 {[%clk 0:01:10]} Kb5
{[%clk 0:31:06]} 29. a4+ {[%clk 0:01:18]} Kc6 {[%clk 0:31:28]} 30. b4
{[%clk 0:01:39]} Bb3 {[%clk 0:31:06]} 31. a5 {[%clk 0:01:52]} bxa5
{[%clk 0:31:30]} 32. bxa5 {[%clk 0:02:16]} Kd5 {[%clk 0:31:45]} 33. Ke3
{[%clk 0:01:24]} f6 {[%clk 0:31:21]} 1/2-1/2

[Event "EUYCC 2025 - U08"]
[Site "?"]
[Date "2025.08.21"]
[Round "3.12"]
[White "Matala, Sophia-Lenina"]
[Black "Muller-Moingt, Julia"]
[Result "1-0"]
[BlackElo "1486"]
[WhiteElo "1459"]
[LiveChessVersion "1.4.8"]

1. e4 {[%clk 1:30:56]} e5 {[%clk 1:30:51]} 2. Nf3 {[%clk 1:31:14]} Nf6
{[%clk 1:30:57]} 3. Nc3 {[%clk 1:31:02]} Nc6 {[%clk 1:30:29]} 4. Bc4
{[%clk 1:30:52]} Nxe4 {[%clk 1:29:55]} 5. Nxe4 {[%clk 1:29:40]} d5
{[%clk 1:30:04]} 6. Bxd5 {[%clk 1:29:00]} Qxd5 {[%clk 1:30:11]} 7. Nc3
{[%clk 1:28:56]} Qd8 {[%clk 1:30:14]} 8. Qe2 {[%clk 1:15:11]} Qe7
{[%clk 1:28:54]} 9. d3 {[%clk 1:00:42]} h6 {[%clk 1:21:57]} 10. Bd2
{[%clk 0:52:53]} Bg4 {[%clk 1:18:12]} 11. Qe3 {[%clk 0:37:44]} Nb4
{[%clk 1:13:30]} 12. O-O-O {[%clk 0:34:13]} Qe6 {[%clk 1:10:55]} 13. Kb1
{[%clk 0:31:30]} O-O-O {[%clk 1:08:02]} 14. Rde1 {[%clk 0:24:07]} Bxf3
{[%clk 1:02:51]} 15. gxf3 {[%clk 0:22:16]} Nc6 {[%clk 1:02:59]} 16. Qe2
{[%clk 0:09:21]} Bc5 {[%clk 0:58:52]} 17. Be3 {[%clk 0:06:35]} Bd4
{[%clk 0:57:02]} 18. Bxd4 {[%clk 0:06:01]} Nxd4 {[%clk 0:55:34]} 19. Qxe5
{[%clk 0:05:28]} Qxe5 {[%clk 0:55:55]} 20. Rxe5 {[%clk 0:05:47]} Nxf3
{[%clk 0:56:09]} 21. Rf5 Ng5 {[%clk 0:56:03]} 22. h4 {[%clk 0:05:43]} g6
{[%clk 0:55:26]} 23. Rf6 {[%clk 0:05:35]} Ne6 {[%clk 0:55:04]} 24. Rxf7
{[%clk 0:05:39]} g5 {[%clk 0:55:16]} 25. hxg5 {[%clk 0:04:46]} hxg5
{[%clk 0:54:52]} 26. Rxh8 {[%clk 0:04:45]} Rxh8 {[%clk 0:55:08]} 27. b3
{[%clk 0:05:00]} Rh2 {[%clk 0:55:23]} 28. Ne4 {[%clk 0:04:35]} g4
{[%clk 0:55:31]} 29. Re7 {[%clk 0:03:38]} Nf4 {[%clk 0:55:36]} 30. Nf6
{[%clk 0:03:26]} b5 {[%clk 0:55:33]} 31. Nxg4 {[%clk 0:03:41]} Rg2
{[%clk 0:55:43]} 32. Re8+ {[%clk 0:03:26]} Kd7 {[%clk 0:55:57]} 33. Nf6+
{[%clk 0:03:45]} Kc6 {[%clk 0:56:04]} 34. Ne4 {[%clk 0:03:35]} a5
{[%clk 0:55:50]} 35. Rf8 {[%clk 0:03:32]} Ne6 {[%clk 0:56:13]} 36. Rf6
{[%clk 0:03:14]} Kd7 {[%clk 0:55:45]} 37. f4 {[%clk 0:03:05]} Rg1+
{[%clk 0:56:06]} 38. Kb2 {[%clk 0:03:23]} Rf1 {[%clk 0:56:27]} 39. f5
{[%clk 0:03:37]} Nd4 {[%clk 0:55:54]} 40. Rf7+ {[%clk 0:03:21]} Ke8
{[%clk 0:56:13]} 41. Rxc7 {[%clk 0:03:26]} Nxf5 {[%clk 0:56:25]} 42. Rc5
{[%clk 0:02:44]} Ke7 {[%clk 0:56:09]} 43. Rxb5 {[%clk 0:02:54]} Re1
{[%clk 0:55:56]} 44. Rxf5 {[%clk 0:03:10]} Ke6 {[%clk 0:55:49]} 45. Rxa5
{[%clk 0:03:32]} Kd7 {[%clk 0:55:45]} 46. Ra6 {[%clk 0:03:44]} Kc7
{[%clk 0:55:42]} 47. a4 {[%clk 0:03:53]} Kb7 {[%clk 0:55:57]} 48. Rh6
{[%clk 0:04:14]} Rf1 {[%clk 0:56:13]} 49. a5 {[%clk 0:04:35]} Rf8
{[%clk 0:56:33]} 50. a6+ {[%clk 0:04:31]} Ka7 {[%clk 0:56:56]} 51. Nc5
{[%clk 0:04:24]} Rc8 {[%clk 0:57:04]} 52. b4 {[%clk 0:04:24]} Rb8
{[%clk 0:57:20]} 53. Rh7+ {[%clk 0:04:34]} Ka8 {[%clk 0:57:38]} 54. Kb3
{[%clk 0:04:27]} Rg8 {[%clk 0:57:38]} 55. Ka4 {[%clk 0:04:10]} Rg2
{[%clk 0:57:52]} 56. Kb5 {[%clk 0:03:29]} Rxc2 {[%clk 0:58:10]} 57. Kb6
{[%clk 0:03:40]} Rb2 {[%clk 0:58:10]} 58. Rh8# {[%clk 0:04:03]} 1-0

[Event "EUYCC 2025 - U08"]
[Site "?"]
[Date "2025.08.22"]
[Round "4.1"]
[White "Jevglevski, Lev"]
[Black "Talaba, David-Christian"]
[Result "1-0"]
[BlackElo "1577"]
[WhiteElo "1726"]
[LiveChessVersion "1.4.8"]

1. e4 {[%clk 1:30:56]} e5 {[%clk 1:30:53]} 2. Nf3 {[%clk 1:31:15]} Nf6
{[%clk 1:31:14]} 3. Nxe5 {[%clk 1:31:25]} d6 {[%clk 1:31:34]} 4. Nf3
{[%clk 1:31:50]} Nxe4 {[%clk 1:31:57]} 5. d4 {[%clk 1:31:46]} d5 {[%clk 1:32:16]}
6. Bd3 {[%clk 1:32:06]} Nc6 {[%clk 1:32:27]} 7. c4 {[%clk 1:31:35]} Nb4
{[%clk 1:30:59]} 8. O-O {[%clk 1:31:11]} Be7 {[%clk 1:29:20]} 9. Nc3
{[%clk 1:30:13]} Nxc3 {[%clk 1:28:56]} 10. bxc3 {[%clk 1:30:26]} Nxd3
{[%clk 1:29:17]} 11. Qxd3 {[%clk 1:30:35]} dxc4 {[%clk 1:29:38]} 12. Qxc4
{[%clk 1:30:44]} Be6 {[%clk 1:29:32]} 13. Qb5+ {[%clk 1:31:00]} Qd7
{[%clk 1:27:19]} 14. Qxb7 {[%clk 1:29:17]} Bd5 {[%clk 1:26:45]} 15. Qb1
{[%clk 1:26:26]} Qc6 {[%clk 1:21:21]} 16. Qf5 {[%clk 1:21:38]} Be6
{[%clk 1:15:55]} 17. Qc2 {[%clk 1:20:43]} O-O {[%clk 1:13:36]} 18. Re1
{[%clk 1:19:09]} Bd6 {[%clk 1:09:45]} 19. Bd2 {[%clk 1:13:32]} Bd5
{[%clk 1:06:13]} 20. Ng5 {[%clk 1:11:52]} f5 {[%clk 1:05:04]} 21. f3
{[%clk 1:11:00]} h6 {[%clk 1:04:28]} 22. Nh3 {[%clk 1:10:42]} Bxf3
{[%clk 1:00:05]} 23. gxf3 {[%clk 1:10:43]} Qxf3 {[%clk 1:00:29]} 24. Qb3+
{[%clk 1:10:54]} Kh7 {[%clk 1:00:03]} 25. c4 {[%clk 1:11:17]} Qg4+
{[%clk 1:00:19]} 26. Kh1 {[%clk 1:11:19]} Qxd4 {[%clk 0:55:18]} 27. Qc3
{[%clk 1:08:39]} Qb6 {[%clk 0:51:01]} 28. Rg1 {[%clk 1:06:38]} Qc6+
{[%clk 0:51:08]} 29. Rg2 {[%clk 1:07:15]} Rf7 {[%clk 0:49:11]} 30. Rf1
{[%clk 1:06:53]} Qd7 {[%clk 0:46:10]} 31. c5 {[%clk 1:06:09]} Be7
{[%clk 0:45:44]} 32. c6 {[%clk 1:04:49]} Qc8 {[%clk 0:43:13]} 33. Nf4
{[%clk 0:58:46]} Qa6 {[%clk 0:40:41]} 34. Re1 {[%clk 0:52:44]} Qxa2
{[%clk 0:38:41]} 35. Ra1 {[%clk 0:52:30]} Bf6 {[%clk 0:38:04]} 36. Rxa2
{[%clk 0:52:21]} Bxc3 {[%clk 0:38:30]} 37. Bxc3 {[%clk 0:52:43]} g5
{[%clk 0:38:53]} 38. Nd5 {[%clk 0:52:40]} f4 {[%clk 0:38:48]} 39. Rge2
{[%clk 0:52:48]} Kg6 {[%clk 0:38:52]} 40. Re6+ {[%clk 0:51:33]} Kf5
{[%clk 0:37:56]} 41. Rf6+ {[%clk 0:48:23]} Rxf6 {[%clk 0:38:42]} 42. Bxf6
{[%clk 0:48:38]} f3 {[%clk 0:38:17]} 43. Bc3 {[%clk 0:44:54]} Ke4
{[%clk 0:37:44]} 44. Nxc7 {[%clk 0:44:13]} Rf8 {[%clk 0:38:04]} 45. Ne6
{[%clk 0:43:22]} f2 {[%clk 0:37:38]} 46. Rxf2 {[%clk 0:43:21]} Rxf2
{[%clk 0:37:59]} 47. c7 {[%clk 0:43:46]} Kf3 {[%clk 0:36:37]} 48. Nd4+
{[%clk 0:41:38]} Ke3 {[%clk 0:36:58]} 49. c8=Q {[%clk 0:41:23]} Rf1+
{[%clk 0:37:22]} 50. Kg2 {[%clk 0:41:41]} Rf2+ {[%clk 0:37:47]} 51. Kg3
{[%clk 0:41:49]} h5 {[%clk 0:38:11]} 52. Qe6+ {[%clk 0:42:08]} Kd3
{[%clk 0:38:34]} 53. Kxf2 {[%clk 0:42:21]} a5 {[%clk 0:38:59]} 54. Nb5
{[%clk 0:42:29]} a4 {[%clk 0:39:19]} 55. Qe2# {[%clk 0:42:50]} 1-0

[Event "EUYCC 2025 - U08"]
[Site "?"]
[Date "2025.08.22"]
[Round "4.2"]
[White "Pastor Zuccolo, Matteo"]
[Black "Alkim, Albert"]
[Result "1/2-1/2"]
[BlackElo "1543"]
[WhiteElo "1507"]
[LiveChessVersion "1.4.8"]

1. e4 {[%clk 1:30:57]} e5 {[%clk 1:30:21]} 2. Bc4 {[%clk 1:31:11]} Nf6
{[%clk 1:30:16]} 3. d3 {[%clk 1:31:26]} Bc5 {[%clk 1:30:33]} 4. Nc3
{[%clk 1:31:40]} d6 {[%clk 1:30:54]} 5. h3 {[%clk 1:32:02]} Nc6 {[%clk 1:31:16]}
6. Nge2 {[%clk 1:32:17]} Be6 {[%clk 1:31:21]} 7. a3 {[%clk 1:32:00]} a6
{[%clk 1:31:29]} 8. b4 {[%clk 1:31:41]} Ba7 {[%clk 1:30:17]} 9. O-O
{[%clk 1:30:59]} O-O {[%clk 1:28:59]} 10. Kh1 {[%clk 1:30:30]} h6
{[%clk 1:27:47]} 11. f4 {[%clk 1:29:58]} exf4 {[%clk 1:10:24]} 12. Bxf4
{[%clk 1:30:05]} Ne5 {[%clk 1:09:14]} 13. Ba2 {[%clk 1:21:59]} Ng6
{[%clk 1:06:00]} 14. Ng3 {[%clk 1:00:00]} Qd7 {[%clk 1:03:47]} 15. Nf5
{[%clk 0:53:10]} Bxf5 {[%clk 1:02:49]} 16. exf5 {[%clk 0:51:56]} Nh4
{[%clk 0:56:24]} 17. Ne4 {[%clk 0:44:40]} Qxf5 {[%clk 0:48:13]} 18. Bxh6
{[%clk 0:34:31]} Qg6 {[%clk 0:44:55]} 19. Nxf6+ {[%clk 0:34:44]} Kh8
{[%clk 0:44:07]} 20. Bxg7+ {[%clk 0:33:07]} Kxg7 {[%clk 0:41:03]} 21. Nh5+
{[%clk 0:32:07]} Kh8 {[%clk 0:36:57]} 22. Nf4 {[%clk 0:30:47]} Qh7
{[%clk 0:30:34]} 23. Nd5 {[%clk 0:25:36]} Nf5 {[%clk 0:28:02]} 24. Qf3
{[%clk 0:23:26]} Nd4 {[%clk 0:20:40]} 25. Qf6+ {[%clk 0:23:20]} Qg7
{[%clk 0:20:55]} 26. Qh4+ {[%clk 0:22:52]} Qh7 {[%clk 0:21:16]} 27. Qe1
{[%clk 0:22:03]} Nxc2 {[%clk 0:20:57]} 28. Qc3+ {[%clk 0:22:11]} Bd4
{[%clk 0:19:16]} 29. Qxc2 {[%clk 0:22:19]} Bxa1 {[%clk 0:18:56]} 30. Rxa1
{[%clk 0:22:36]} c6 {[%clk 0:18:23]} 31. Qc3+ {[%clk 0:17:51]} Qg7
{[%clk 0:18:07]} 32. Qxg7+ {[%clk 0:17:36]} Kxg7 {[%clk 0:18:19]} 33. Nc3
{[%clk 0:17:17]} Rae8 {[%clk 0:18:11]} 34. Rf1 {[%clk 0:15:46]} f5
{[%clk 0:17:36]} 35. Bb1 {[%clk 0:15:03]} Re3 {[%clk 0:15:49]} 36. Nd1
{[%clk 0:14:08]} Rg3 {[%clk 0:15:18]} 37. Kh2 {[%clk 0:14:13]} f4
{[%clk 0:15:15]} 38. Rxf4 {[%clk 0:14:25]} Rxh3+ {[%clk 0:14:45]} 39. gxh3
{[%clk 0:14:06]} Rxf4 {[%clk 0:15:00]} 40. Kg3 {[%clk 0:14:22]} Rf1
{[%clk 0:14:58]} 41. Bc2 {[%clk 0:13:49]} Rg1+ {[%clk 0:15:11]} 42. Kf2
{[%clk 0:13:42]} Rh1 {[%clk 0:15:14]} 43. Kg2 {[%clk 0:14:07]} Re1
{[%clk 0:15:26]} 44. Kf2 {[%clk 0:14:29]} Rh1 {[%clk 0:15:44]} 45. Kg2
{[%clk 0:14:55]} Re1 {[%clk 0:15:55]} 46. Kf2 1/2-1/2

[Event "EUYCC 2025 - U08"]
[Site "?"]
[Date "2025.08.22"]
[Round "4.3"]
[White "Brentegani, Romeo"]
[Black "Ighilahriz, Said"]
[Result "1-0"]
[BlackElo "1756"]
[WhiteElo "1598"]
[LiveChessVersion "1.4.8"]

1. e4 {[%clk 1:30:45]} e6 {[%clk 1:30:44]} 2. d4 {[%clk 1:30:00]} d5
{[%clk 1:31:09]} 3. Bd3 {[%clk 1:29:49]} Nf6 {[%clk 1:30:17]} 4. e5
{[%clk 1:29:21]} Nfd7 {[%clk 1:30:16]} 5. c3 {[%clk 1:28:14]} c5 {[%clk 1:30:08]}
6. Ne2 {[%clk 1:26:30]} Nc6 {[%clk 1:29:47]} 7. O-O {[%clk 1:26:15]} Be7
{[%clk 1:29:53]} 8. f4 {[%clk 1:25:04]} Qb6 {[%clk 1:29:52]} 9. Bc2
{[%clk 1:25:04]} O-O {[%clk 1:29:41]} 10. f5 {[%clk 1:24:04]} cxd4
{[%clk 1:29:33]} 11. Kh1 {[%clk 1:22:07]} Ndxe5 {[%clk 1:28:49]} 12. cxd4
{[%clk 1:22:03]} Nc4 {[%clk 1:28:29]} 13. f6 {[%clk 1:17:58]} Bxf6
{[%clk 1:25:24]} 14. Rxf6 {[%clk 1:00:01]} gxf6 {[%clk 1:25:36]} 15. Bh6
{[%clk 0:57:53]} Re8 {[%clk 1:22:41]} 16. Qd3 {[%clk 0:58:06]} 1-0

[Event "EUYCC 2025 - U08"]
[Site "?"]
[Date "2025.08.22"]
[Round "4.7"]
[White "Karcz, Bartlomiej"]
[Black "Szlendak, Wojciech"]
[Result "0-1"]
[BlackElo "1492"]
[WhiteElo "1443"]
[LiveChessVersion "1.4.8"]

1. e4 {[%clk 1:30:57]} c5 {[%clk 1:30:56]} 2. Nc3 {[%clk 1:31:22]} Nc6
{[%clk 1:31:14]} 3. g3 {[%clk 1:31:46]} g6 {[%clk 1:31:37]} 4. Bg2
{[%clk 1:32:13]} Bg7 {[%clk 1:32:01]} 5. d3 {[%clk 1:32:10]} d6 {[%clk 1:32:26]}
6. f4 {[%clk 1:31:48]} Rb8 {[%clk 1:30:57]} 7. Nf3 {[%clk 1:31:57]} b5
{[%clk 1:28:31]} 8. O-O {[%clk 1:27:53]} e6 {[%clk 1:27:02]} 9. Be3
{[%clk 1:26:29]} Nge7 {[%clk 1:25:43]} 10. h3 {[%clk 1:26:48]} O-O
{[%clk 1:24:56]} 11. Qd2 {[%clk 1:25:03]} b4 {[%clk 1:23:42]} 12. Na4
{[%clk 1:23:39]} Qa5 {[%clk 1:22:49]} 13. b3 {[%clk 1:14:46]} Bxa1
{[%clk 1:21:59]} 14. Rxa1 {[%clk 1:13:50]} Ba6 {[%clk 1:09:47]} 15. e5
{[%clk 1:12:55]} dxe5 {[%clk 0:41:31]} 16. Nxe5 {[%clk 1:10:13]} Nxe5
{[%clk 0:40:23]} 17. fxe5 {[%clk 1:10:01]} Rfc8 {[%clk 0:07:46]} 18. Qf2
{[%clk 1:09:30]} Nf5 {[%clk 0:03:20]} 19. Bxc5 {[%clk 1:09:03]} Qc7
{[%clk 0:01:06]} 20. Rc1 {[%clk 1:08:07]} Qxe5 {[%clk 0:00:38]} 21. Bxa7
{[%clk 1:06:25]} Rb5 {[%clk 0:00:32]} 22. Kh2 {[%clk 1:04:38]} Qf6
{[%clk 0:00:35]} 23. Bd4 {[%clk 1:04:32]} Qxd4 {[%clk 0:00:38]} 24. Qxd4
{[%clk 1:04:34]} Nxd4 {[%clk 0:01:00]} 25. c4 {[%clk 1:04:49]} bxc3
{[%clk 0:01:11]} 26. Rxc3 {[%clk 1:05:05]} Rxc3 {[%clk 0:01:36]} 27. Nxc3
{[%clk 1:05:30]} Rc5 {[%clk 0:01:37]} 28. Ne4 {[%clk 1:05:12]} Rc2
{[%clk 0:01:49]} 29. Nf6+ {[%clk 1:05:08]} Kg7 {[%clk 0:02:12]} 30. Ne8+
{[%clk 1:05:24]} Kf8 {[%clk 0:02:13]} 31. Nd6 {[%clk 1:05:24]} Nf3+
{[%clk 0:02:23]} 32. Kh1 {[%clk 1:05:47]} Rc1+ {[%clk 0:02:44]} 33. Bf1
{[%clk 1:05:50]} Rxf1+ {[%clk 0:03:03]} 34. Kg2 {[%clk 1:06:13]} Ra1
{[%clk 0:03:08]} 35. Kxf3 {[%clk 1:06:09]} Bxd3 {[%clk 0:03:25]} 36. Ke3
{[%clk 1:06:28]} Ba6 {[%clk 0:02:41]} 37. a4 {[%clk 1:06:50]} Rb1
{[%clk 0:03:06]} 38. Ne4 {[%clk 1:07:04]} Rxb3+ {[%clk 0:03:25]} 39. Kf4
{[%clk 1:07:12]} Rb4 {[%clk 0:03:37]} 40. Ke3 {[%clk 1:06:51]} Rxa4
{[%clk 0:03:56]} 41. Ng5 {[%clk 1:05:11]} Ra3+ {[%clk 0:04:07]} 42. Kf4
{[%clk 1:05:26]} h6 {[%clk 0:04:21]} 43. Ne4 {[%clk 1:05:15]} Ra4
{[%clk 0:04:20]} 44. Ke3 {[%clk 1:04:33]} Rxe4+ {[%clk 0:04:28]} 45. Kxe4
{[%clk 1:04:47]} Ke7 {[%clk 0:04:50]} 46. Kf4 {[%clk 1:04:52]} Kf6
{[%clk 0:05:14]} 47. Kg4 {[%clk 1:04:25]} Be2+ 48. Kh4 {[%clk 1:04:27]} g5#
{[%clk 0:05:38]} 0-1

[Event "EUYCC 2025 - U08"]
[Site "?"]
[Date "2025.08.23"]
[Round "5.1"]
[White "Brentegani, Romeo"]
[Black "Jevglevski, Lev"]
[Result "0-1"]
[BlackElo "1726"]
[WhiteElo "1598"]
[LiveChessVersion "1.4.8"]

1. e4 {[%clk 1:30:59]} e6 {[%clk 1:30:53]} 2. d4 {[%clk 1:31:09]} d5
{[%clk 1:31:18]} 3. Bd3 {[%clk 1:31:03]} dxe4 {[%clk 1:31:37]} 4. Bxe4
{[%clk 1:30:26]} Be7 {[%clk 1:31:41]} 5. c3 {[%clk 1:29:12]} Nf6 {[%clk 1:31:42]}
6. Bd3 {[%clk 1:29:24]} O-O {[%clk 1:31:36]} 7. Ne2 {[%clk 1:26:27]} b6
{[%clk 1:30:34]} 8. O-O {[%clk 1:17:18]} Bb7 {[%clk 1:17:32]} 9. c4
{[%clk 1:08:19]} c5 {[%clk 1:08:23]} 10. Nbc3 {[%clk 1:01:37]} Nc6
{[%clk 1:01:39]} 11. Be3 {[%clk 0:58:15]} Ng4 {[%clk 0:58:23]} 12. Be4
{[%clk 0:48:19]} Qc7 {[%clk 0:57:17]} 13. Ng3 {[%clk 0:42:10]} f5 14. d5
{[%clk 0:34:18]} Na5 {[%clk 0:48:20]} 15. Nb5 {[%clk 0:27:48]} Qe5
{[%clk 0:44:22]} 16. Bd2 {[%clk 0:16:02]} exd5 {[%clk 0:41:47]} 17. Bxd5+
{[%clk 0:15:52]} Bxd5 {[%clk 0:42:01]} 18. cxd5 {[%clk 0:16:16]} Nc4
{[%clk 0:39:06]} 19. Re1 {[%clk 0:14:25]} Qxb2 {[%clk 0:38:35]} 20. Bc3
{[%clk 0:14:17]} Qxf2+ {[%clk 0:39:01]} 21. Kh1 {[%clk 0:14:27]} Bh4
{[%clk 0:37:57]} 22. Qf3 {[%clk 0:11:53]} Qxf3 {[%clk 0:37:29]} 23. gxf3
{[%clk 0:12:14]} Nf6 {[%clk 0:36:52]} 24. Rad1 {[%clk 0:11:45]} f4
{[%clk 0:36:58]} 25. Bxf6 Rxf6 26. Re4 {[%clk 0:10:31]} Na5 {[%clk 0:34:35]} 27.
Nh5 {[%clk 0:10:41]} Rh6 {[%clk 0:34:03]} 28. Nxf4 {[%clk 0:09:40]} Bg3
{[%clk 0:34:18]} 29. Kg2 {[%clk 0:09:49]} Bxh2 {[%clk 0:33:21]} 30. Nc7
{[%clk 0:10:07]} Rd8 {[%clk 0:32:26]} 31. Nfe6 {[%clk 0:10:20]} Rd7
{[%clk 0:31:40]} 32. f4 {[%clk 0:08:45]} g5 {[%clk 0:28:07]} 33. fxg5
{[%clk 0:08:33]} Rg6 {[%clk 0:21:53]} 34. Kxh2 {[%clk 0:08:49]} h6
{[%clk 0:22:22]} 35. Rg1 {[%clk 0:08:41]} hxg5 {[%clk 0:22:44]} 36. Rf4
{[%clk 0:08:20]} Rh7+ {[%clk 0:22:57]} 37. Kg2 {[%clk 0:08:32]} gxf4+
{[%clk 0:22:55]} 38. Kf1 {[%clk 0:08:54]} Rxg1+ {[%clk 0:23:03]} 39. Kxg1
{[%clk 0:09:16]} Rd7 {[%clk 0:22:03]} 40. Kf2 {[%clk 0:09:04]} Nc4
{[%clk 0:22:10]} 41. Ne8 {[%clk 0:08:25]} Kf7 {[%clk 0:21:43]} 42. N8c7
{[%clk 0:08:48]} Ne3 {[%clk 0:21:11]} 43. d6 {[%clk 0:08:53]} Rxd6
{[%clk 0:21:00]} 44. Nxf4 {[%clk 0:09:11]} Nc4 {[%clk 0:21:14]} 45. Nb5
{[%clk 0:09:23]} Rd2+ {[%clk 0:21:20]} 46. Ne2 {[%clk 0:09:38]} Rxa2
{[%clk 0:21:19]} 47. Ke1 {[%clk 0:09:53]} a6 {[%clk 0:21:28]} 48. Nbc3
{[%clk 0:10:14]} Ra1+ {[%clk 0:21:44]} 49. Kf2 {[%clk 0:10:34]} b5
{[%clk 0:21:58]} 50. Nf4 {[%clk 0:10:49]} b4 {[%clk 0:22:06]} 51. Ne4
{[%clk 0:11:05]} b3 {[%clk 0:22:17]} 52. Nd3 {[%clk 0:11:27]} b2 {[%clk 0:22:21]}
53. Nxb2 {[%clk 0:11:51]} Nxb2 {[%clk 0:22:38]} 54. Nxc5 {[%clk 0:12:21]} a5
{[%clk 0:22:34]} 55. Ke2 {[%clk 0:12:50]} Rc1 {[%clk 0:21:08]} 56. Nb3
{[%clk 0:13:07]} Rc2+ {[%clk 0:21:29]} 57. Ke1 {[%clk 0:13:29]} a4
{[%clk 0:21:44]} 58. Nd4 {[%clk 0:13:48]} Nd3+ {[%clk 0:21:48]} 59. Kd1
{[%clk 0:14:05]} Rc4 {[%clk 0:21:55]} 60. Nc2 {[%clk 0:14:16]} Nb4
{[%clk 0:22:15]} 61. Na3 {[%clk 0:14:09]} Rc3 {[%clk 0:20:55]} 62. Nb5
{[%clk 0:14:27]} Rb3 {[%clk 0:20:27]} 63. Nd6+ {[%clk 0:15:09]} Ke6
{[%clk 0:21:16]} 64. Ne4 {[%clk 0:15:33]} Kd5 {[%clk 0:21:31]} 65. Nf6+
{[%clk 0:15:45]} Kd4 {[%clk 0:21:55]} 66. Ng8 {[%clk 0:15:42]} Ke3
{[%clk 0:22:09]} 67. Kc1 {[%clk 0:16:00]} Kd3 {[%clk 0:22:29]} 68. Ne7
{[%clk 0:15:59]} Na2+ {[%clk 0:22:44]} 69. Kd1 {[%clk 0:16:20]} Rb1# 0-1